Altersbedingte Veränderung des Gehaltes menschlicher Knochen an anorganischen Substanzen

Elmentve itt :
Bibliográfiai részletek
Szerzők: Kósa Ferenc
Virágos Kis Erzsébet
Rengei Béla
Dokumentumtípus: Cikk
Megjelent: 1989
Sorozat:Acta biologica 35 No. 1-4
Kulcsszavak:Természettudomány
Online Access:http://acta.bibl.u-szeged.hu/22136
LEADER 00719nab a2200205 i 4500
001 acta22136
005 20210526123839.0
008 161015s1989 hu o 0|| eng d
022 |a 0563-0592 
040 |a SZTE Egyetemi Kiadványok Repozitórium  |b hun 
041 |a eng 
100 1 |a Kósa Ferenc 
245 1 0 |a Altersbedingte Veränderung des Gehaltes menschlicher Knochen an anorganischen Substanzen  |h [elektronikus dokumentum] /  |c  Kósa Ferenc 
260 |c 1989 
300 |a 191-198 
490 0 |a Acta biologica  |v 35 No. 1-4 
695 |a Természettudomány 
700 0 2 |a Virágos Kis Erzsébet  |e aut 
700 0 2 |a Rengei Béla  |e aut 
856 4 0 |u http://acta.bibl.u-szeged.hu/22136/1/biologica_035_191-198.pdf  |z Dokumentum-elérés